Analýza hospodárskeho rozvoja v.d. Drutechna Bratislava a jeho vplyv na plnenie úloh sociálneho programu výrobného družstva záverečná práca postgraduálneho štúdia
Na minha lista:
| Autor principal: | |
|---|---|
| Autor Corporativo: | |
| Outros Autores: | |
| Formato: | Livro |
| Idioma: | eslovaco |
| Publicado em: |
Bratislava
1990
|
| Tags: |
Sem tags, seja o primeiro a adicionar uma tag!
|
MARC
| LEADER | 00000nam a2200000 4500 | ||
|---|---|---|---|
| 001 | c029111 | ||
| 005 | 20221215070238.4 | ||
| 041 | 0 | |a slo | |
| 044 | |a SK | ||
| 245 | 1 | 0 | |a Analýza hospodárskeho rozvoja v.d. Drutechna Bratislava a jeho vplyv na plnenie úloh sociálneho programu výrobného družstva |b záverečná práca postgraduálneho štúdia |c Ľubomír Malina ; Ved. práce Juraj Nemec |
| 264 | 1 | |a Bratislava |c 1990 | |
| 300 | |a 39 s. | ||
| 100 | 1 | |a Malina, Ľubomír | |
| 700 | 1 | |a Nemec, Juraj | |
| 710 | 2 | |a Vysoká škola ekonomická v Bratislave | |